00498 2200193 4500001002100000005001500021035002000036007000300056008004100059020002200100082001100122084001700133100001300150245004400163260004200207300002600249650001700275504001200292INLIS00000000133494220240129014615 a0010-0124000071ta240129 g 1 ind  a978-602-72076-3-9 a621.43 a621.43 BUN p0 aBuntarto1 aPINTAR SERVICE MESIN DIESEL /cBuntarto aYogyakarta :bPUSTAKABARUPRESS,c2023 a[vi] 138 hlm ;c23 cm 4amesin diesel ahlm.135